<?xml version="1.0" encoding="UTF-8"?>
<collection xmlns="http://www.loc.gov/MARC21/slim">
 <record>
  <leader>00906cam a2200169 7i4500</leader>
  <controlfield tag="001">0000137822</controlfield>
  <controlfield tag="005">20100218090000.0</controlfield>
  <controlfield tag="002">  0000002892</controlfield>
  <datafield tag="090" ind1="0" ind2="0">
   <subfield code="a">LP 22 FST 4 2006 </subfield>
  </datafield>
  <datafield tag="100" ind1="0" ind2="#">
   <subfield code="a">Noor Sakinah Ramli </subfield>
  </datafield>
  <datafield tag="245" ind1="1" ind2="0">
   <subfield code="a">Concentration of heavy metals (Mercury and Arsenic) in relation to particle size and organic carbon in sediment off Johor During Pre-Monsoon Season  </subfield>
   <subfield code="c">Noor Sakinah Ramli.</subfield>
  </datafield>
  <datafield tag="260" ind1="#" ind2="#">
   <subfield code="a">Terengganu: </subfield>
   <subfield code="b">Kolej Universiti Sains dan Teknologi Malaysia, </subfield>
   <subfield code="c">2006.</subfield>
  </datafield>
  <datafield tag="300" ind1=" " ind2=" ">
   <subfield code="a">xii, 84p.: </subfield>
   <subfield code="b">ill.; </subfield>
   <subfield code="c">30 cm..</subfield>
  </datafield>
  <datafield tag="502" ind1="#" ind2="#">
   <subfield code="a">Project Report FST (Degree of Bachelor of Science - Marine Science) 2006</subfield>
  </datafield>
  <datafield tag="520" ind1="3" ind2="#">
   <subfield code="a">The focus of this study was the determination of heavy metals such as mercury and arsenic concentration and their relationship with sediment particles size and organic carbon content in Johor coastal sediment</subfield>
  </datafield>
  <datafield tag="602" ind1="#" ind2="#">
   <subfield code="a">Laporan Projek FST 2006</subfield>
  </datafield>
  <datafield tag="999" ind1=" " ind2=" ">
   <subfield code="a">1100042329</subfield>
   <subfield code="b">Book</subfield>
   <subfield code="c">LAPORAN PROJEK</subfield>
   <subfield code="e">BILIK ARKIB</subfield>
  </datafield>
 </record>
</collection>
